[Event "45th Rilton Cup 2015-16"]
[Site "Stockholm SWE"]
[Date "2016.01.04"]
[Round "8.20"]
[White "Vuilleumier, Alexandre"]
[Black "Hakimifard, Ghazal"]
[Result "1-0"]
[WhiteTitle "IM"]
[BlackTitle "WIM"]
[WhiteElo "2342"]
[BlackElo "2169"]
[WhiteFideId "1305662"]
[BlackFideId "12506540"]
[EventDate "2015.12.27"]

1. e4 e5 2. Nf3 Nc6 3. Nc3 Nf6 4. Bb5 Bd6 5. O-O O-O 6. d3 h6 7. h3 Re8 8. a3
Bf8 9. Re1 Nd4 10. Nxd4 exd4 11. Ne2 c5 12. Nf4 a6 13. Bc4 b5 14. Ba2 d6 15. Qf3
Ra7 16. Bd2 Nh7 17. Bd5 Qf6 18. Qg3 Qe5 19. c3 dxc3 20. bxc3 Nf6 21. d4 Qg5 22.
Qd3 Nxd5 23. Nxd5 Qh4 24. a4 bxa4 25. Rxa4 Bd7 26. Ra5 c4 27. Qf3 Bc6 28. Bf4
Rb7 29. Nb4 Rb6 30. Nxc6 Rxc6 31. Rea1 d5 32. e5 Rd8 33. Bg3 Qe7 34. Rxd5 Rxd5
35. Qxd5 Qb7 36. Kh2 Be7 37. Ra5 Qb6 38. f4 h5 39. f5 Rc8 40. f6 Bf8 41. fxg7
Bxg7 42. Rc5 Rxc5 43. dxc5 Qb5 44. e6 fxe6 45. Qxe6+ Kh7 46. c6 h4 47. Bf4 1-0

[Event "45th Rilton Cup 2015-16"]
[Site "Stockholm SWE"]
[Date "2016.01.04"]
[Round "8.21"]
[White "Johansson, Linus"]
[Black "Sadeh, Shahin"]
[Result "0-1"]
[WhiteTitle "IM"]
[BlackTitle "FM"]
[WhiteElo "2423"]
[BlackElo "2284"]
[WhiteFideId "1711113"]
[BlackFideId "12503924"]
[EventDate "2015.12.27"]

1. c4 g6 2. g3 Bg7 3. Bg2 e5 4. Nc3 Nc6 5. e4 d6 6. d3 Be6 7. Nge2 h5 8. h4 Nh6
9. Nd5 O-O 10. O-O f5 11. Bxh6 Bxh6 12. exf5 gxf5 13. Nec3 Bf7 14. Bf3 Nd4 15.
Bxh5 c6 16. Ne3 f4 17. Bxf7+ Rxf7 18. Qh5 fxe3 19. Qxh6 e2 20. Rfe1 Qf8 21. Qg5+
Rg7 22. Qh5 Qf7 23. Qxf7+ Rxf7 24. Nxe2 Nc2 25. Kg2 Raf8 26. f4 Re8 27. Rec1
Nxa1 28. Rxa1 exf4 29. Nxf4 Re3 30. Rf1 Rg7 31. Rf3 Rxf3 32. Kxf3 Re7 33. g4 Re1
34. g5 Rb1 35. Kg4 Rxb2 36. g6 Rxa2 37. h5 a5 38. h6 a4 39. Nh5 Rg2+ 40. Kf5 a3
41. Nf6+ Kh8 42. Ne4 a2 43. Nxd6 Rf2+ 0-1

[Event "45th Rilton Cup 2015-16"]
[Site "Stockholm SWE"]
[Date "2016.01.04"]
[Round "8.22"]
[White "Akesson, Ralf"]
[Black "Jogstad, Martin"]
[Result "1/2-1/2"]
[WhiteTitle "GM"]
[WhiteElo "2421"]
[BlackElo "2125"]
[WhiteFideId "1700120"]
[BlackFideId "1715364"]
[EventDate "2015.12.27"]

1. c4 c6 2. Nf3 Nf6 3. d4 d5 4. Qc2 g6 5. Bf4 Bg7 6. e3 Bf5 7. Qb3 Qb6 8. Nc3
O-O 9. c5 Qxb3 10. axb3 Nbd7 11. h3 Ne4 12. b4 a6 13. Be2 f6 14. g4 Nxc3 15.
bxc3 Be4 16. Rg1 e5 17. Bh2 Bxf3 18. Bxf3 Rfe8 19. Kd2 Nf8 20. Be2 Ne6 21. h4 g5
22. Bg3 gxh4 23. Bxh4 Ng5 24. Rh1 h6 25. f3 Re7 26. Rhf1 Rae8 27. Rae1 Kf7 28.
Bd1 Ke6 29. Bc2 Kd7 30. Bg6 Ra8 31. Bf5+ Kc7 32. Kd3 Nxf3 33. Rxf3 e4+ 34. Kd2
exf3 35. Bg3+ Kd8 36. Bd6 Re8 37. Rf1 a5 38. bxa5 Rxa5 39. Rxf3 Ra1 40. Rh3 Rh8
41. Kd3 Rd1+ 42. Ke2 Rg1 43. Rh2 h5 44. gxh5 Bh6 45. Bg6 Kd7 46. Bf5+ Kd8 47.
Bg6 Kd7 48. Bf5+ 1/2-1/2

[Event "45th Rilton Cup 2015-16"]
[Site "Stockholm SWE"]
[Date "2016.01.04"]
[Round "8.23"]
[White "Grandell, Anders"]
[Black "Martynov, Pavel2"]
[Result "0-1"]
[WhiteTitle "FM"]
[BlackTitle "FM"]
[WhiteElo "2330"]
[BlackElo "2380"]
[WhiteFideId "1709771"]
[BlackFideId "4122186"]
[EventDate "2015.12.27"]

1. d4 d5 2. c4 c6 3. Nf3 Nf6 4. Nc3 dxc4 5. a4 Bf5 6. Ne5 Nbd7 7. Nxc4 Nb6 8.
Ne5 a5 9. g3 Nfd7 10. Nd3 e6 11. e4 Bg6 12. Bg2 Be7 13. h4 h6 14. O-O O-O 15. b3
Bh7 16. Bb2 Nf6 17. Qe2 Nbd7 18. Rfd1 Qb6 19. d5 exd5 20. exd5 Rfe8 21. Rd2 Rac8
22. Qd1 Bxd3 23. Rxd3 Nc5 24. Rf3 Rcd8 25. Rb1 cxd5 26. Nb5 Nce4 27. Qd3 Bc5 28.
Nd4 Ng4 29. Rf4 Ne5 30. Qe3 Ng6 31. Rf5 Nd6 32. Qe2 Nxf5 33. Nxf5 d4 0-1

[Event "45th Rilton Cup 2015-16"]
[Site "Stockholm SWE"]
[Date "2016.01.04"]
[Round "8.24"]
[White "Radionov, Timur"]
[Black "Sagit, Rauan"]
[Result "0-1"]
[WhiteTitle "FM"]
[BlackTitle "FM"]
[WhiteElo "2321"]
[BlackElo "2375"]
[WhiteFideId "34178772"]
[BlackFideId "1708376"]
[EventDate "2015.12.27"]

1. e4 c5 2. Nc3 d6 3. f4 g6 4. Nf3 Bg7 5. Bb5+ Nd7 6. O-O a6 7. Bc4 Nb6 8. Be2
d5 9. e5 Bg4 10. d4 Bxf3 11. Bxf3 cxd4 12. Qxd4 e6 13. b3 Ne7 14. Ba3 Nf5 15.
Qd2 Bf8 16. Bxf8 Kxf8 17. Ne2 Kg7 18. g4 Nh4 19. Nd4 h5 20. f5 Nxf3+ 21. Rxf3
hxg4 22. f6+ Kg8 23. Rg3 Nd7 24. Qf4 Rh5 25. Re1 Qa5 26. Re2 Rc8 27. Rxg4 Rc3
28. Rh4 Rh3 29. Rxh3 Rxh3 30. Kg2 Rh5 31. Nf3 Qb5 32. c4 dxc4 33. Qxc4 Qxc4 34.
bxc4 Kf8 35. h4 Rf5 36. Kg3 Ke8 37. Rb2 Nc5 38. Re2 Kd7 39. Ng5 Ke8 40. Ne4
Nxe4+ 41. Rxe4 Kd7 42. Re1 Kc6 43. a4 b6 44. Kg4 a5 45. Re2 Kc5 46. Rb2 Rxe5 47.
Rb5+ Kd4 48. Rxb6 Rf5 49. Rb7 Rxf6 50. c5 Kxc5 51. Rb5+ Kd4 52. Rxa5 e5 53. Ra7
e4 54. Rd7+ Kc3 55. a5 e3 56. Rc7+ Kd2 57. Rd7+ Ke1 58. a6 Rxa6 59. Rxf7 Re6 60.
Kg5 e2 61. Rf8 Kd1 62. Rd8+ Kc2 63. Rc8+ Kd2 0-1

[Event "45th Rilton Cup 2015-16"]
[Site "Stockholm SWE"]
[Date "2016.01.04"]
[Round "8.25"]
[White "Mikalsen, Erlend"]
[Black "Martins, David Pires Tavares"]
[Result "1-0"]
[WhiteTitle "FM"]
[BlackTitle "FM"]
[WhiteElo "2313"]
[BlackElo "2372"]
[WhiteFideId "1507338"]
[BlackFideId "1909991"]
[EventDate "2015.12.27"]

1. e4 e6 2. d4 d5 3. Nc3 Nf6 4. Bg5 Bb4 5. e5 h6 6. Bd2 Bxc3 7. bxc3 Ne4 8. Qg4
Kf8 9. Qf4 c5 10. Bd3 Nxd2 11. Qxd2 Qa5 12. Nf3 Nc6 13. dxc5 Qxc5 14. O-O g6 15.
Qf4 Kg8 16. Rab1 Qe7 17. h4 h5 18. Rfe1 b6 19. Re3 Bb7 20. Ng5 Kg7 21. Rbe1 Nd8
22. Rg3 Rh6 23. c4 Rc8 24. cxd5 Bxd5 25. Ne4 Bxe4 26. Rxe4 Nb7 27. Ba6 Rc7 28.
Bxb7 Rxb7 29. Rd4 Rh8 30. Rgd3 Rc8 31. c4 Rcc7 32. Rd8 Kh7 33. Ra8 Rd7 34. Rd6
Kg7 35. Qd4 Kh7 36. g3 Kg7 37. Kh2 Kh7 38. Kh3 Kg7 39. f3 Kh7 40. g4 hxg4+ 41.
fxg4 Kg7 42. g5 Kh7 43. Kg4 Rbc7 44. h5 gxh5+ 45. Kxh5 Kg7 46. Qd3 Rb7 47. Qg3
Rbc7 48. g6 1-0

[Event "45th Rilton Cup 2015-16"]
[Site "Stockholm SWE"]
[Date "2016.01.04"]
[Round "8.26"]
[White "Rydstrom, Tom"]
[Black "Nyysti, Sampsa"]
[Result "1/2-1/2"]
[WhiteTitle "FM"]
[BlackTitle "IM"]
[WhiteElo "2266"]
[BlackElo "2370"]
[WhiteFideId "1714830"]
[BlackFideId "502138"]
[EventDate "2015.12.27"]

1. e4 d5 2. exd5 Qxd5 3. Nc3 Qd6 4. d4 g6 5. Bc4 Bg7 6. Nge2 Nf6 7. Bf4 Qd7 8.
Qd2 O-O 9. h4 a6 10. h5 b5 11. Bb3 Nxh5 12. Bh6 c5 13. Bd5 cxd4 14. Bxg7 Kxg7
15. Bxa8 dxc3 16. Nxc3 Qxd2+ 17. Kxd2 Rd8+ 18. Ke3 Bf5 19. Be4 Bxe4 20. Nxe4 f5
21. Ng5 Rc8 22. c3 Nf6 23. Rhd1 Nc6 24. a4 b4 25. cxb4 Nxb4 26. Rac1 Rb8 27. Rd2
h6 28. Nf3 Nbd5+ 29. Ke2 Rb4 30. Ra1 Nf4+ 31. Kf1 Ne4 32. Rc2 Nd3 33. Rd1 Ndc5
34. Rd5 Nxa4 35. Rd7 Kf6 36. Rc6+ e6 37. Rcc7 Ng5 38. Nd4 Nb6 39. Rd8 Nd5 40.
Rf8+ Ke5 41. Nc6+ Kd6 42. Nxb4 Nxc7 43. Rg8 Nf7 44. Rxg6 Ne5 45. Rxh6 a5 46. Nc2
Nc4 47. b4 axb4 48. Nxb4 Kc5 49. Nd3+ Kd4 50. Ke2 e5 51. Nb4 Nb5 52. Kf3 Nd2+
53. Ke2 Nc4 54. Nc6+ Kc5 55. g3 Nc3+ 56. Kf3 Nd5 57. Nd8 Kd4 58. Ne6+ Kd3 59.
Rh8 e4+ 60. Kg2 e3 61. Rb8 Ke4 62. Ng5+ Ke5 63. fxe3 Ncxe3+ 64. Kf3 Ng4 65. Nh3
Nh2+ 66. Kg2 Ng4 67. Re8+ Kf6 68. Ra8 Ke5 69. Ra5 Ne3+ 70. Kf3 Nc4 71. Ra6 Nd2+
72. Ke2 Ne4 73. Kf3 Nd2+ 74. Kg2 Ne4 75. Ng1 Ne3+ 76. Kf3 Nd5 77. Ra8 Ng5+ 78.
Ke2 Ne6 79. Nf3+ Kf6 80. Ra6 Nc3+ 81. Kf2 Ne4+ 82. Kg2 Kf7 83. Nh4 Kf6 84. Nf3
Kf7 85. Ne5+ Kf6 86. Nd3 Kf7 87. Kf3 Ke7 88. Nb4 Kf7 89. Nd5 N4c5 90. Rb6 Kg7
91. Kg2 Kf7 92. Kh3 Ng5+ 93. Kh4 Nf3+ 94. Kh3 Ng5+ 95. Kg2 Nge6 96. Kf3 Ng5+ 97.
Ke3 Nge6 98. Nf4 Kf6 99. Ne2 Ke7 100. Rb5 Kf6 101. Ng1 Kf7 102. Nf3 Kf6 103. Nh4
Kg5 104. Nxf5 Kxf5 105. Rxc5+ Nxc5 106. g4+ Kxg4 1/2-1/2

[Event "45th Rilton Cup 2015-16"]
[Site "Stockholm SWE"]
[Date "2016.01.04"]
[Round "8.27"]
[White "Percivaldi, Martin"]
[Black "Arman, Deniz"]
[Result "1-0"]
[WhiteTitle "FM"]
[BlackTitle "FM"]
[WhiteElo "2260"]
[BlackElo "2332"]
[WhiteFideId "1508148"]
[BlackFideId "6302106"]
[EventDate "2015.12.27"]

1. Nf3 b5 2. d4 Bb7 3. Bf4 e6 4. e3 a6 5. Bd3 Nf6 6. O-O Be7 7. h3 c5 8. c3 Nc6
9. Nbd2 O-O 10. Qe2 Nd5 11. Bh2 cxd4 12. exd4 f5 13. a4 bxa4 14. Rxa4 Kh8 15.
Rfa1 a5 16. R4a2 Nb6 17. Nb3 Nd5 18. Ne5 Qb6 19. Nxc6 Qxc6 20. f3 a4 21. Bb5 Qb6
22. Rxa4 Rxa4 23. Rxa4 f4 24. Nc1 Ne3 25. Bd3 d5 26. Kh1 g5 27. Bg1 Bd6 28. Ra2
e5 29. dxe5 Bxe5 30. Qd2 g4 31. hxg4 d4 32. Bh2 Qh6 33. Kg1 dxc3 34. bxc3 Rd8
35. Qe1 Qb6 36. Kh1 Qh6 37. Ra5 Qg7 38. Qh4 Bf6 39. Qh3 Nd5 40. c4 Nb4 41. Bxh7
Rd1+ 42. Bg1 Rxc1 43. Rb5 Nc6 44. Be4+ Kg8 45. Bxc6 Bxc6 46. Rb8+ Kf7 47. Qh5+
Ke7 48. Qc5+ Kd7 49. Qf5+ Kc7 50. Qc8+ Kd6 51. c5+ Kd5 52. Qf5+ Kc4 53. Qxf4+
Kd5 54. Qe4# 1-0

[Event "45th Rilton Cup 2015-16"]
[Site "Stockholm SWE"]
[Date "2016.01.04"]
[Round "8.28"]
[White "Engqvist, Thomas"]
[Black "Sarwer, Jeff"]
[Result "1-0"]
[WhiteTitle "IM"]
[BlackTitle "FM"]
[WhiteElo "2358"]
[BlackElo "2263"]
[WhiteFideId "1700332"]
[BlackFideId "2604213"]
[EventDate "2015.12.27"]

1. e4 c6 2. Nc3 d5 3. Nf3 Bg4 4. h3 Bxf3 5. Qxf3 e6 6. d3 Bd6 7. g3 Ne7 8. Bg2
O-O 9. O-O f5 10. Qe2 Qc7 11. exd5 exd5 12. Bg5 Rf7 13. Qe6 Na6 14. Bxe7 Qxe7
15. Rfe1 Nb4 16. Rac1 d4 17. Qc4 Qf8 18. Qxd4 f4 19. Ne4 Bc7 20. Qc4 Nd5 21. Ng5
f3 22. Qh4 h6 23. Nxf7 Qxf7 24. Bh1 Rf8 25. c4 Nb4 26. Re7 Qg6 27. Rxc7 Nxd3 28.
Rf1 Kh7 29. Qe7 Re8 30. Qf7 Qg5 31. Qxe8 Nf4 32. Qe4+ 1-0

[Event "45th Rilton Cup 2015-16"]
[Site "Stockholm SWE"]
[Date "2016.01.04"]
[Round "8.29"]
[White "Norlin, Egor"]
[Black "Lindgren, Philip"]
[Result "0-1"]
[BlackTitle "FM"]
[WhiteElo "2084"]
[BlackElo "2418"]
[WhiteFideId "1713973"]
[BlackFideId "1713230"]
[EventDate "2015.12.27"]

1. d4 Nf6 2. c4 e6 3. Nf3 b6 4. g3 c6 5. Bg2 d5 6. O-O Be7 7. b3 O-O 8. Bb2 Bb7
9. Nc3 Nbd7 10. cxd5 cxd5 11. Rc1 a6 12. a4 Bd6 13. Nd2 Ra7 14. Re1 h6 15. e3
Qe7 16. Qe2 Rd8 17. Red1 Nb8 18. Na2 Nc6 19. Rc2 Raa8 20. Rcc1 Rdc8 21. Qd3 Rc7
22. Qb1 Rac8 23. Nc3 h5 24. Nf3 Na5 25. Qa2 Bb4 26. Nb1 Rc2 27. Rxc2 Rxc2 28.
Bf1 Ne4 29. Bd3 Rxf2 30. Bxe4 dxe4 31. Kxf2 Qf6 32. Nd2 Bxd2 33. Ke2 Qxf3+ 34.
Kxd2 Qf2+ 35. Kc1 Bd5 0-1

[Event "45th Rilton Cup 2015-16"]
[Site "Stockholm SWE"]
[Date "2016.01.04"]
[Round "8.30"]
[White "Rodshtein, Tereza"]
[Black "Eriksson, Jorgen"]
[Result "0-1"]
[WhiteTitle "WGM"]
[WhiteElo "2278"]
[BlackElo "2206"]
[WhiteFideId "325449"]
[BlackFideId "1701967"]
[EventDate "2015.12.27"]

1. e4 d6 2. d4 Nf6 3. Nc3 e5 4. Nf3 Nbd7 5. Bc4 Be7 6. a4 O-O 7. O-O c6 8. Ba2
b6 9. Re1 Bb7 10. dxe5 dxe5 11. Nh4 g6 12. Bh6 Re8 13. Qf3 Nf8 14. Rad1 Qc7 15.
Nf5 Rad8 16. h4 Rxd1 17. Nxd1 Bc8 18. Nde3 Be6 19. Bb1 Bxf5 20. Nxf5 Ne6 21.
Nxe7+ Qxe7 22. c3 Rd8 23. Bc2 Nh5 24. g3 Rd7 25. Ra1 a5 26. Be3 c5 27. Bb3 Nf6
28. Bc4 h5 29. Re1 Ng4 30. Bc1 Kg7 31. Qe2 Rd8 32. f3 Nf6 33. Kg2 Rd7 34. Be3
Ne8 35. Rb1 N8c7 36. Rd1 Qd8 37. Rd2 Kf6 38. f4 Rxd2 39. Qxd2 Qa8 40. Kf3 exf4
41. gxf4 Ke7 42. Qd3 Ng7 43. Bxf7 Qc8 44. Ba2 Qg4+ 45. Kf2 Qxh4+ 46. Ke2 Nce6
47. Qd2 Qg4+ 48. Ke1 Qf3 49. Bd5 Qh1+ 50. Ke2 h4 51. Qe1 Qxe1+ 52. Kxe1 Nh5 53.
Bxe6 Kxe6 54. Kf2 h3 55. Kg1 Nf6 56. Kh2 Ng4+ 0-1

[Event "45th Rilton Cup 2015-16"]
[Site "Stockholm SWE"]
[Date "2016.01.04"]
[Round "8.31"]
[White "Storme, Isak"]
[Black "Low, Zhen Yu Cyrus"]
[Result "1-0"]
[BlackTitle "FM"]
[WhiteElo "1864"]
[BlackElo "2256"]
[WhiteFideId "1728113"]
[BlackFideId "5804175"]
[EventDate "2015.12.27"]

1. e4 g6 2. d4 Bg7 3. Nc3 d6 4. Be3 a6 5. a4 b6 6. h3 Bb7 7. g4 Nd7 8. Bg2 Rc8
9. Nge2 c5 10. O-O h6 11. f4 Qc7 12. Qd2 cxd4 13. Bxd4 Bxd4+ 14. Nxd4 Ngf6 15.
Rae1 O-O 16. Kh1 Nc5 17. f5 Kh7 18. g5 Nh5 19. fxg6+ Kxg6 20. gxh6 Ng3+ 21. Kg1
Nxf1 22. Qf4 Ne6 23. Qg4+ Ng5 24. h4 Qc5 25. Kxf1 Qxd4 26. Qxg5+ Kh7 27. Qf5+
Kxh6 28. Qg5+ Kh7 29. Bh3 e6 30. Qh5+ Kg8 31. Re2 Rfe8 32. Qh6 Qc4 33. Ke1 Qxe2+
34. Kxe2 b5 35. Qg5+ Kf8 36. h5 Rc5 37. Bf5 exf5 38. Qf6 Re6 39. Qh8+ Ke7 40. h6
Rc8 41. Nd5+ Bxd5 42. Qxc8 Bc4+ 43. Kd2 Rxh6 44. exf5 d5 45. a5 Rd6 46. b3 Bf1
47. Qc7+ Rd7 48. Qe5+ Kd8 49. Qf6+ Kc7 50. Qb6+ Kc8 51. Qxa6+ Kb8 52. Qb6+ Rb7
53. Qg1 Bh3 54. Qg3+ 1-0

[Event "45th Rilton Cup 2015-16"]
[Site "Stockholm SWE"]
[Date "2016.01.04"]
[Round "8.32"]
[White "Haug, Johannes"]
[Black "Wiander, Michael"]
[Result "1-0"]
[WhiteTitle "FM"]
[BlackTitle "CM"]
[WhiteElo "2247"]
[BlackElo "2187"]
[WhiteFideId "1509268"]
[BlackFideId "1702580"]
[EventDate "2015.12.27"]

1. e4 Nc6 2. Nf3 e6 3. d4 d5 4. e5 f6 5. Bb5 Bd7 6. Qe2 Qe7 7. O-O f5 8. Re1 a6
9. Bd3 Nb4 10. b3 Qf7 11. c4 Nxd3 12. Qxd3 Bc6 13. Nc3 Bb4 14. cxd5 Bxd5 15.
Nxd5 exd5 16. Re2 Ne7 17. a3 Ba5 18. b4 Bb6 19. e6 Qh5 20. Ne5 O-O 21. Nd7 Bxd4
22. Raa2 Nc6 23. Nxf8 Rxf8 24. Bb2 Qg5 25. Re1 Bxb2 26. Rxb2 f4 27. f3 Ne7 28.
Rc2 c6 29. Qd4 Nf5 30. Qe5 Re8 31. h4 Qf6 32. Qxf4 Qd4+ 33. Qxd4 Nxd4 34. Rd2
Nxe6 35. Rde2 Kf7 36. Kf2 Nc7 37. Rxe8 Nxe8 38. g4 Nd6 39. a4 Nc4 40. Ke2 Nb6
41. a5 Nd7 42. Kd2 Nf8 43. Kc3 Ne6 44. f4 h5 45. gxh5 Kf6 46. Re5 d4+ 47. Kc4 d3
48. Rxe6+ Kxe6 49. Kxd3 c5 50. bxc5 Kd5 51. Ke3 Kxc5 52. f5 1-0

[Event "45th Rilton Cup 2015-16"]
[Site "Stockholm SWE"]
[Date "2016.01.04"]
[Round "8.33"]
[White "Krantz, Christopher"]
[Black "Pantzar, Milton"]
[Result "1-0"]
[WhiteElo "2230"]
[BlackElo "2103"]
[WhiteFideId "1707876"]
[BlackFideId "1721003"]
[EventDate "2015.12.27"]

1. Nf3 Nf6 2. c4 g6 3. d4 c5 4. Nc3 cxd4 5. Nxd4 Nc6 6. e4 Bg7 7. Be3 O-O 8. Be2
d6 9. Qd2 a6 10. O-O Bd7 11. f3 Rb8 12. Nb3 Be6 13. Rac1 Ne5 14. c5 dxc5 15.
Qxd8 Rfxd8 16. Nxc5 Bc4 17. b3 Bxe2 18. Nxe2 Nd3 19. Nxd3 Rxd3 20. Kf2 Rd7 21.
Ba7 Ra8 22. Bb6 Ne8 23. Rc2 Be5 24. Rfc1 Kg7 25. f4 Bd6 26. e5 Ba3 27. Rc8 Bxc1
28. Rxa8 Nc7 29. Rc8 Nd5 30. Bd4 Nxf4 31. e6+ Rxd4 32. Nxd4 fxe6 33. Nxe6+ Nxe6
34. Rxc1 Kf6 35. Rc8 Ng5 36. Ke3 Nf7 37. Kd4 Nd6 38. Rb8 Ke6 39. a4 h5 40. Rf8
Nf5+ 41. Ke4 Nd6+ 42. Kf4 Nf7 43. h4 Kf6 44. b4 Ke6 45. Rg8 Kf6 46. Ke4 Nd6+ 47.
Kd5 Kf5 48. a5 Kf6 49. Rf8+ Kg7 50. Rf2 Nf5 51. Ke6 Nxh4 52. Kxe7 g5 53. Ke6 g4
54. Rf7+ Kg6 55. Rxb7 Nxg2 56. b5 Nf4+ 57. Kd7 Nd3 58. Rb6+ Kf5 59. bxa6 Nc5+
60. Ke7 Nxa6 61. Rxa6 g3 62. Ra8 h4 63. Rg8 Kf4 64. a6 1-0

[Event "45th Rilton Cup 2015-16"]
[Site "Stockholm SWE"]
[Date "2016.01.04"]
[Round "8.34"]
[White "Schitco, Ivan"]
[Black "Petersson, Baldur Teodor"]
[Result "1-0"]
[WhiteElo "2210"]
[BlackElo "1870"]
[WhiteFideId "13905465"]
[BlackFideId "2309157"]
[EventDate "2015.12.27"]

1. d4 Nf6 2. c4 g6 3. Nc3 Bg7 4. e4 d6 5. Nf3 O-O 6. Be2 e5 7. dxe5 dxe5 8. Qxd8
Rxd8 9. Bg5 Rf8 10. Nxe5 Nxe4 11. Nxe4 Bxe5 12. O-O-O Nc6 13. f4 Bd4 14. Nf6+
Kg7 15. Nd5 f6 16. Bh4 Bf5 17. Bf3 Rae8 18. Rhe1 Kf7 19. g4 Rxe1 20. Bxe1 Be6
21. b4 Bg1 22. Bc3 Bf2 23. b5 Ne7 24. Nxe7 Be3+ 25. Kb2 Kxe7 26. Bb4+ Kf7 27.
Bxf8 Kxf8 28. Re1 Bd4+ 29. Kb3 Bc8 30. Rd1 1-0

[Event "45th Rilton Cup 2015-16"]
[Site "Stockholm SWE"]
[Date "2016.01.04"]
[Round "8.35"]
[White "Kosmo, Santul"]
[Black "Hejazipour, Mitra"]
[Result "1/2-1/2"]
[BlackTitle "WGM"]
[WhiteElo "2202"]
[BlackElo "2357"]
[WhiteFideId "504173"]
[BlackFideId "12505951"]
[EventDate "2015.12.27"]

1. e4 c5 2. Nf3 d6 3. d4 cxd4 4. Nxd4 Nf6 5. Nc3 a6 6. Bg5 e6 7. f4 h6 8. Bh4
Be7 9. Qf3 Qc7 10. O-O-O Nbd7 11. f5 Ne5 12. Qh3 Nfg4 13. Be2 h5 14. Kb1 Bxh4
15. Qxh4 Qe7 16. Qg3 Bd7 17. h3 Nf6 18. fxe6 fxe6 19. Nf3 b5 20. Nxe5 dxe5 21.
Bf3 Rc8 22. Qxe5 b4 23. Ne2 Qc5 24. Qxc5 Rxc5 25. Nf4 g5 26. Nd3 Rb5 27. e5 Ng8
28. h4 g4 29. Be4 Ne7 30. Rhf1 Bc6 31. Rde1 Bxe4 32. Rxe4 Nf5 33. Rc4 O-O 34.
Kc1 a5 35. Kd2 Rd8 36. Re1 Nxh4 37. Rh1 Ng6 38. Rxh5 Rxe5 39. Rxe5 Nxe5 40. Re4
Nxd3 41. cxd3 Kf7 42. Rxg4 Kf6 43. Ke3 e5 44. Rc4 Rg8 45. g4 Ke6 46. Rc6+ Kd7
47. Rc5 Rxg4 48. Rxa5 Rg2 49. b3 Kd6 50. d4 exd4+ 51. Kd3 Kc6 52. Kc4 Rc2+ 53.
Kxd4 Kb6 54. Ra8 Kb5 55. Kd3 Rh2 56. Kd4 Rh4+ 57. Kd5 Rh5+ 58. Kd6 Rh6+ 59. Ke5
Rh5+ 60. Kf4 Rh2 61. Kg3 Rc2 62. Rb8+ Ka5 63. Kf3 Rh2 64. Ke4 Rh4+ 65. Kf5 Rh2
66. Ke6 Rh6+ 67. Kd7 Rh7+ 68. Kc6 Rh6+ 69. Kc5 Rh5+ 70. Kc4 Rh4+ 71. Kd3 Rh3+
72. Ke2 Rh2+ 73. Kf3 Rh3+ 74. Kg2 Rd3 75. Rf8 Kb5 76. Rb8+ Ka5 77. Rc8 Rd2+ 78.
Kf3 Kb5 79. Ra8 Rh2 1/2-1/2

[Event "45th Rilton Cup 2015-16"]
[Site "Stockholm SWE"]
[Date "2016.01.04"]
[Round "8.36"]
[White "Henriksson, Johan"]
[Black "Glimbrant, Torbjorn"]
[Result "0-1"]
[WhiteTitle "FM"]
[WhiteElo "2286"]
[BlackElo "2192"]
[WhiteFideId "1703560"]
[BlackFideId "1700995"]
[EventDate "2015.12.27"]

1. d4 Nf6 2. c4 e6 3. Nf3 b6 4. g3 Bb7 5. Bg2 Bb4+ 6. Bd2 Bxd2+ 7. Qxd2 d6 8.
O-O O-O 9. Qd3 Qe7 10. Nc3 e5 11. dxe5 dxe5 12. Qf5 Re8 13. Rfd1 Na6 14. a3 g6
15. Qg5 Nc5 16. b4 Nce4 17. Nxe4 Bxe4 18. Rd2 a5 19. b5 Rad8 20. Rxd8 Qxd8 21.
Rc1 Qd6 22. Qe3 Bxf3 23. exf3 Nd7 24. Bf1 Nc5 25. Re1 f6 26. h4 Rd8 27. Be2 Ne6
28. Rd1 Nd4 29. Kg2 Kg7 30. Kh2 Rd7 31. Kg2 Rd8 32. Kh2 Rd7 33. Kg2 Re7 34. Kh2
Qc5 35. Bf1 h6 36. Kg2 Rd7 37. Be2 Re7 38. Bf1 Rd7 39. Be2 Qe7 40. Kh2 Nf5 41.
Rxd7 Qxd7 42. Qc1 Nd4 43. Bd1 Qd6 44. Qe3 Ne6 45. Bc2 Qd4 46. Qe2 Nc5 47. Kg2 h5
48. a4 f5 49. Qe3 Ne6 50. f4 e4 51. Qxd4+ Nxd4 52. Bd1 Kf6 53. Kf1 Ke7 54. Ke1
Kd6 55. Kd2 Kc5 56. Kc3 Nf3 57. Be2 Nh2 58. Bd1 Ng4 59. f3 Ne3 60. Be2 exf3 61.
Bxf3 Nxc4 62. Bc6 Nd6 63. Kd3 Kb4 64. Kd4 Kxa4 65. Ke5 Kb4 66. Bd5 a4 67. Ba2
Ka3 68. Bd5 Kb2 69. Kf6 Ne4+ 70. Ke7 a3 71. Kd8 Nc3 0-1

[Event "45th Rilton Cup 2015-16"]
[Site "Stockholm SWE"]
[Date "2016.01.04"]
[Round "8.37"]
[White "Zeier, Klaus"]
[Black "Tuomainen, Felix"]
[Result "0-1"]
[WhiteElo "2262"]
[BlackElo "2022"]
[WhiteFideId "4696050"]
[BlackFideId "1720813"]
[EventDate "2015.12.27"]

1. e4 d5 2. exd5 Qxd5 3. Nc3 Qa5 4. g3 c6 5. Bg2 Nf6 6. Nf3 Bf5 7. O-O e6 8. d3
Bb4 9. Bd2 Qc7 10. a3 Bd6 11. b4 O-O 12. b5 a6 13. a4 cxb5 14. axb5 Bb4 15. Ne4
Bxd2 16. Nxf6+ gxf6 17. Qxd2 Nd7 18. Nd4 Bg6 19. Ra5 e5 20. Nb3 Rac8 21. bxa6
bxa6 22. Rc1 Qb6 23. Rca1 Nb8 24. R1a4 Rc7 25. Bd5 Rfc8 26. Rb4 Qd6 27. c4 Kg7
28. Rba4 Bf5 29. Qc3 Bd7 30. Rb4 Bc6 31. Rb6 Qd8 32. Qb4 Rd7 33. Nc5 Bxd5 34.
cxd5 Rxd5 35. Qg4+ Kf8 36. Nb3 Rxa5 37. Qb4+ Kg7 38. Nxa5 Rc1+ 39. Kg2 Qd5+ 40.
Kh3 Qd7+ 41. Kg2 Nc6 42. Nxc6 Rxc6 43. Rb7 Rc7 44. Rb6 Qd5+ 45. Kh3 h5 46. Rxa6
Qxd3 47. Ra3 Qf1+ 0-1

[Event "45th Rilton Cup 2015-16"]
[Site "Stockholm SWE"]
[Date "2016.01.04"]
[Round "8.38"]
[White "Brinck-Claussen, Bjorn"]
[Black "Martinsen, Stig K"]
[Result "1/2-1/2"]
[WhiteTitle "IM"]
[WhiteElo "2244"]
[BlackElo "2162"]
[WhiteFideId "1400134"]
[BlackFideId "1502824"]
[EventDate "2015.12.27"]

1. e4 d6 2. d4 Nf6 3. Nc3 g6 4. f4 Bg7 5. Nf3 O-O 6. Bd3 Na6 7. O-O c5 8. d5 Bg4
9. Bc4 Nc7 10. a4 e6 11. h3 exd5 12. hxg4 dxc4 13. g5 Ng4 14. f5 f6 15. Qe2 Qd7
16. Qxc4+ Qf7 17. Qxf7+ Rxf7 18. Bf4 gxf5 19. Bxd6 fxe4 20. Nxe4 f5 21. Nxc5 Ne8
22. Bf4 Bxb2 23. Rab1 Rc8 24. Rfe1 Ng7 25. Nd3 Bc3 26. Re2 Nh5 27. Bd6 Rd7 28.
Ba3 Ng3 29. Re6 b6 30. Rd6 Rxd6 31. Bxd6 1/2-1/2

[Event "45th Rilton Cup 2015-16"]
[Site "Stockholm SWE"]
[Date "2016.01.04"]
[Round "8.39"]
[White "Risting, Eivind Olav"]
[Black "Hammar, Bengt"]
[Result "0-1"]
[WhiteTitle "FM"]
[BlackTitle "FM"]
[WhiteElo "1985"]
[BlackElo "2210"]
[WhiteFideId "1517333"]
[BlackFideId "1700391"]
[EventDate "2015.12.27"]

1. d4 d5 2. c4 e6 3. Nc3 Nf6 4. cxd5 exd5 5. Bg5 Be7 6. Qc2 O-O 7. e3 Nbd7 8.
Bd3 Re8 9. Nge2 c6 10. O-O Nf8 11. f3 h6 12. Bh4 Ne6 13. Rae1 b6 14. Bf2 c5 15.
Kh1 Bb7 16. Rd1 Rc8 17. Bf5 Bf8 18. dxc5 bxc5 19. Nf4 Nxf4 20. Bxc8 Qxc8 21.
exf4 d4 22. Ne2 Nd5 23. a3 Bd6 24. Rfe1 Ba6 25. Nxd4 cxd4 26. Qxc8 Rxc8 27. Bxd4
Bxf4 28. Bxa7 Bb7 29. Bd4 h5 30. Be5 Be3 31. g3 f6 32. Bd6 Bb6 33. Rd2 Ne3 34.
Rf2 Nc2 35. Ree2 Bxf2 36. Rxf2 Nd4 0-1